Hunger Games - Statistiques

Statistiques générales
  • Ce quiz a été pris 3 238 fois
    3 220 depuis la dernière actualisation
  • Le résultat moyen est 15 sur 20
Statistiques - réponses
Question Réponse % Correct
Dans quoi Katniss excelle-t-elle? Le tir à l’arc
97%
Avec qui Katniss finit-elle? Peeta
97%
Qui est Primerose? Sa sœur
97%
Quel est le symbole de la révolution? Le geai moqueur
96%
Dans le troisième film, Peeta et Katniss sont enfin réunis après que Peeta a été torturé par le Capitole. Comment les retrouvailles se passent-elles ? Peeta se jette sur elle et l’étrangle
96%
Avec qui Katniss s’allie-t-elle dans le tome 1? Rue
96%
Dans quoi Peeta excelle-t-il? Le camouflage, la déclamation
95%
Comment Prim meurt-elle? Bombardée
94%
Lors des jeux de l'expiation, Katniss est attaquée par des oiseaux qui imitent les cris de ses proches. Quelle est la première voix qu'elle entend ? La voix de Prim
94%
Que représente l’arène dans le tome 2? Une horloge
94%
Qu’arrive-t-il à Peeta à la fin du tome 2 Il est prisonnier du Capitole
91%
Qui est Buttercup? Le chat
91%
Qu’est ce que Katniss a hérité de son père? Le chant, la chasse, la tenacité
90%
Qui est l’auteur de la saga? S.Collins
90%
Que fait Katniss lors de son évaluation par les juges pour ses premiers Hunger Games? Elle tire sur les juges
89%
Pour quelle édition des Hunger Games une expiation a-t-elle lieu dans le tome 2? Pour les 75 ans
88%
À la fin de l’histoire, combien Peeta et Katniss ont d’enfants? Deux enfants
86%
Lors de l'incendie de forêt déclenché par Seneca Crane, à quel endroit Katniss est-elle blessée ? La cuisse
85%
Qui est Seneca Crane? Le haut juge
85%
Quel était le métier des parents de Katniss? Son père était mineur, sa mère pharmacienne
85%
Quel est le nom de famille de Haymitch? Abernathy
83%
Comment les carrières protègent-ils leurs provisions? Avec des mines
81%
À la fin du tome 3 qui Katniss tue-t-elle? Coin
80%
Que propose Peeta aux familles des tributs du 11? Des rations de blé
79%
Quel sens perd Katniss dans le premier tome? L’ouie
77%
Au départ de ses premiers Hunger Games, que réussit à prendre Katniss à la corne d'abondance ? Un sac à dos et un couteau
77%
Quel est le nom de famille de Gale? Hawthorne
76%
Quelle est la spécialité du district 4? La pêche
76%
De qui Katniss tient le symbole de la révolution? De Madge
75%
D’où vient Tresch? Du district 11
74%
Comment Glimmer meurt-elle? Piquée
74%
Quel est le district de Finnick? Le 4
73%
Que fait Katniss lors de son évaluation par les juges pour ses seconds Hunger Games? Elle pend un mannequin en plastique sur lequel elle inscrit « Seneca Crane »
71%
Comment meurt le Président Snow? Il s’étouffe dans son sang
69%
Qu’est-il advenu des habitants du district 13? Ils se sont enterrés
69%
Comment est mort le père de Katniss? Dans un coup de grisou
67%
Quel est le district qui produit le bois et le papier? Le 7
60%
Combien Rue a-t-elle de frères et sœurs? 5
53%
Quel âge a Katniss lors de sa première participation aux Hunger Games? 16 ans
52%
Quel est le sentiment de Katniss à l’égard de sa mère dans le tome 1? Le ressentiment
52%
Combien Gale a-t-il de frères et sœurs? 2 frères et 1 soeur
47%
Quel est l’endroit préféré de Katniss dans la forêt? Le lac
46%
Quelle est l’origine du nom de la ville fictive Panem Latine
45%
Combien de tributs sont tués par Katniss? 3
40%
Qu’est ce que la Veine? La mine
26%
Aucun quiz correspondant
Distribution des résultats
% des personnes avec chaque résultat
Percentile par nombre de réponses
Votre historique - résultats
Vous n’avez pas pris ce quiz depuis la dernière actualisation